Legendary, Mythical and Ultra Beast Pokémon - Picture Quiz - Statistics

General Stats
  • This quiz has been taken 22 times
    11 since last reset
  • The average score is 83 of 105
Answer Stats
Picture Answer % Correct
Arceus
100%
Articuno
100%
Celebi
100%
Entei
100%
Genesect
100%
Ho-Oh
100%
Jirachi
100%
Latias
100%
Latios
100%
Lugia
100%
Lunala
100%
Mew
100%
Mew Two
100%
Moltres
100%
Rayquaza
100%
Regice
100%
Regirock
100%
Registeel
100%
Suicune
100%
Zapdos
100%
Buzzwole
89%
Cosmog
89%
Cresselia
89%
Darkrai
89%
Deoxys
89%
Dialga
89%
Eternatus
89%
Giratina
89%
Groudon
89%
Guzzlord
89%
Hoopa
89%
Kartana
89%
Kyogre
89%
Landorus
89%
Marshadow
89%
Melmetal
89%
Meloetta
89%
Meltan
89%
Palkia
89%
Raikou
89%
Regigigas
89%
Shaymin
89%
Tapu Fini
89%
Tapu Koko
89%
Tapu Lele
89%
Thundurus
89%
Tornadus
89%
Type: Null
89%
Xerneas
89%
Yveltal
89%
Zacian
89%
Zekrom
89%
Azelf
78%
Celesteela
78%
Diancie
78%
Miraidon
78%
Necrozma
78%
Regidrago
78%
Regieleki
78%
Reshiram
78%
Solgaleo
78%
Tapu Bulu
78%
Uxie
78%
Victini
78%
Virizion
78%
Volcanion
78%
Xurkitree
78%
Zamazenta
78%
Zeraora
78%
Zygarde
78%
Blacephalon
67%
Chien-Pao
67%
Cobalion
67%
Cosmoem
67%
Heatran
67%
Koraidon
67%
Kyurem
67%
Magearna
67%
Manaphy
67%
Mesprit
67%
Naganadel
67%
Nihilego
67%
Pheromosa
67%
Phione
67%
Poipole
67%
Stakataka
67%
Terapagos
67%
Terrakion
67%
Calyrex
56%
Chi-Yu
56%
Enamorus
56%
Fezandipiti
56%
Glastrier
56%
Keldeo
56%
Munkidori
56%
Ogerpon
56%
Okidogi
56%
Silvally
56%
Spectrier
56%
Wo-Chien
56%
Zarude
56%
Kubfu
44%
Pecharunt
44%
Ting-Lu
44%
Urshifu
44%
No matching quizzes found
Score Distribution
Percent of People with Each Score
Percentile by Number Answered
Your Score History
You have not taken this quiz since the last reset